Discurso leído en la Universidad Literaria de Santiago en la solemne inauguración del curso académico de 1886 a 1887 / (Record no. 21071)

MARC details
000 -LEADER
campo de control de longitud fija 01030nam a2200229 i 4500
001 - NÚMERO DE CONTROL
campo de control 21071
003 - IDENTIFICADOR DE NÚMERO DE CONTROL
campo de control ES-MaACL
005 - FECHA Y HORA DE LA ÚLTIMA TRANSACCIÓN
campo de control 20230906152419.0
007 - CAMPO FIJO DE DESCRIPCIÓN FÍSICA--INFORMACIÓN GENERAL
campo de control de longitud fija t|
008 - DATOS DE LONGITUD FIJA--INFORMACIÓN GENERAL
campo de control de longitud fija 021121s1886 sp ||||1| spa d
080 ## - NÚMERO DE LA CLASIFICACIÓN DECIMAL UNIVERSAL
Número de la Clasificación Decimal Universal 582
100 1# - ENTRADA PRINCIPAL--NOMBRE DE PERSONA
Nombre de persona Agelet y Casanoves, Ramón.
9 (RLIN) 176333
245 14 - MENCIÓN DEL TÍTULO
Título Discurso leído en la Universidad Literaria de Santiago en la solemne inauguración del curso académico de 1886 a 1887 /
Mención de responsabilidad, etc. por el doctor D. Ramón Agelet Casanoves, catedrático de la Facultad de Farmacia.
260 ## - PUBLICACIÓN, DISTRIBUCIÓN, ETC.
Lugar de publicación, distribución, etc. Santiago :
Nombre del editor, distribuidor, etc. [s.n.],
Fecha de publicación, distribución, etc. 1886 (
Fabricante Imp. de José M. Paredes.)
300 ## - DESCRIPCIÓN FÍSICA
Extensión 76 p. ;
Dimensiones 30 cm.
530 ## - NOTA DISPONIBLE DE FORMULARIO FÍSICO ADICIONAL
Nota de formato físico adicional disponible Disponible en formato digital.
594 ## - Nota al título y mención de responsabilidad
Nota al título y mención de responsabilidad Tema del discurso: Los progresos de la botánica en relación con los de la taxonomía (p. 10)
650 #4 - PUNTO DE ACCESO ADICIONAL DE MATERIA--TÉRMINO DE MATERIA
Término de materia o nombre geográfico como elemento de entrada Plantas-
Subdivisión general Clasificación.
9 (RLIN) 136713
710 2# - ENTRADA AGREGADA--NOMBRE DE ENTIDAD CORPORATIVA
Nombre de entidad corporativa o nombre de jurisdicción como elemento de entrada Universidad Literaria de Santiago de Compostela.
9 (RLIN) 135006
852 4# - LOCALIZACIÓN
Ubicación ES-MaACL
Número de control de estantería T-447-F-9
856 4# - LOCALIZACIÓN Y ACCESO ELECTRÓNICOS
Identificador Uniforme de Recursos <a href="http://hdl.handle.net/10347/28472 ">http://hdl.handle.net/10347/28472 </a>
Nota pública Repositorio Institucional da Universidade de Santiago de Compostela
Holdings
Estatus retirado Estado de pérdida Estado de daño No para préstamo Colección Biblioteca de origen Biblioteca actual Ubicación en estantería Fecha de adquisición Fuente de adquisición Total de préstamos Signatura topográfica completa Código de barras Visto por última vez Precio de reemplazo Tipo de ítem Koha
        Colección de folletos Biblioteca del Ateneo de Madrid Biblioteca del Ateneo de Madrid Depósito folletos 17/01/2008     T-447-F-9 1021644 23/02/2023 23/02/2023 Folleto